| 000 | 00565nam a2200205Ia 4500 | ||
|---|---|---|---|
| 005 | 20260429112155.0 | ||
| 008 | 260429s9999||||xx |||||||||||||| ||und|| | ||
| 020 | _a9781836591382 | ||
| 041 | _aEnglish | ||
| 082 |
_a341.2 _bKEL |
||
| 100 | _aKelly, Thomas | ||
| 245 | 0 |
_aHuman rights, social justice and political challenges / _cThomas Kelly |
|
| 250 | _a1st ed. | ||
| 260 |
_aUnited Kingdom : _bED-Tech Press, _c2025. |
||
| 300 | _aix, 256 p.; hb | ||
| 650 | _a Political challenges | ||
| 650 | _a Social justice | ||
| 650 | _aHuman rights | ||
| 942 | _cTB | ||
| 999 |
_c52723 _d52723 |
||